000 00770cam a22002534a 4500
001 13087227
005 20180227091215.0
008 030210s2004 maua b 001 0 eng
010 _a 2003043626
020 _a0072829249 (alk. paper)
040 _aDLC
_cDLC
_dDLC
041 _aeng
042 _apcc
080 _a658.302 RUE
082 0 0 _a658.302 RUE
_221
100 1 _a54
101 _aMEN
245 1 0 _aSupervision, key link to productivity /
_cLeslie W. Rue, Lloyd L. Byars.
246 3 0 _aSupervision
504 _aIncludes bibliographical references and index.
906 _a7
_bcbc
_corignew
_d1
_eocip
_f20
_gy-gencatlg
942 _2ddc
_cBK
999 _c43638
_d43638